000 00534nam a2200217Ia 4500
003 OSt
005 20221005124857.0
006 a|||||r|||| 00| 0
007 ta
008 221004b |||||||| |||| 00| 0 tam d
024 _a50059
037 _cTextual
040 _aCRL
_cCRL
_btam
041 _2tam
_atam
082 _aO31,3NAR,7, K7
100 _aArumukam
_9635898
245 0 _aNithiya malli
650 _aTAMIL LITERATURE
942 _hO31,3NAR,7, K7
_cTEXL
_2cc
999 _c1051969
_d1051969